هياكل القوى البشرية في سوق العمل الأردني / (Record no. 26580)
[ view plain ]
| 000 -الفاتح | |
|---|---|
| حقل البيانات ثابتة الطول | 01662nam a22002775a 4500 |
| 003 - محدد رقم الضبط | |
| رقم الضبط | OSt |
| 005 - وقت وتاريخ اخر تعامل مع التسجيلة | |
| رقم الضبط | 20180424115218.0 |
| 008 - عناصر البيانات ثابتة الطول - معلومات عامة | |
| حقل البيانات ثابتة الطول | 180424s1991 jo a frb 000 0 ara d |
| 020 ## - الرقم الدولى المعيارى للكتب | |
| الرقم الدولى المعيارى للكتاب | 9226075506 |
| 040 ## - مصدر الفهرسة | |
| وكالة الفهرسة الأصلية | EG-ScBUE |
| لغة الفهرسة | ara |
| وكالة النسخ | EG-ScBUE |
| 043 ## - رمز المنطقة الجغرافية | |
| رمز المنطقة الجغرافية | a-jo--- |
| 082 04 - رقم تصنيف ديوى العشرى | |
| رقم التصنيف | 331.11095695 |
| رقم المادة | هـ ي ا |
| رقم الطبعة | 22 |
| 245 00 - بيان العنوان | |
| العنوان | هياكل القوى البشرية في سوق العمل الأردني / |
| بيان المسئوليه,etc | تحرير ومراجعة نبيل خوري، أحمد قاسم الأحمد ؛ المساهمون، نبيل خوري ... [إلخ.]. |
| 250 ## - بيان الطبعة | |
| بيان الطبعة | ط. 1. |
| 260 ## - PUBLICATION, DISTRIBUTION, ETC. (IMPRINT) | |
| مكان الناشر او الموزع | [عمان، الأردن] : |
| اسم الناشر او الموزع | المملكة الأردنية الهاشمية، الجمعية العلمية الملكية، مركز البحوث الإقتصادية ؛ |
| مكان الناشر او الموزع | [د. م.] : |
| اسم الناشر او الموزع | منظمة العمل الدولية، المكتب الإقليمي للدول العربية، فريق عمل السكان والقوى العاملة في منطقة الشرق الأوسط وحوض البحر الأبيض المتوسط، |
| تاريخ النشر أو التوزيع | 1991. |
| 300 ## - الوصف المادى | |
| التعداد | 166 ص. : |
| تفاصيل ماديه اخرى للوعاء | إيض. ؛ |
| أبعاد الوعاء | 24 سم. |
| 504 ## - تبصرة ببليوجرافية | |
| تبصرة ببليوجرافية,الخ | يشتمل على إرجاعات ببليوجرافية. |
| 541 ## - تبصرة المصدر المباشر للتزويد | |
| مصدر التزويد | أ. محمد فريد خميس ؛ |
| طريقة التزويد | إهداء ؛ |
| 650 ## - المدخل الاضافى بالموضوع-مصطلح موضوعى | |
| مصدر الرأس أو المصطلح | BUEsh |
| 651 ## - المدخل الاضافى بالموضوع - اسم جغرافى | |
| مصدر الرأس أو المصطلح | BUEsh |
| 700 1# - المدخل الاضافى - اسم شخصى | |
| الإسم الشخصى | خوري، نبيل، |
| الدور | محرر، |
| -- | مراجع. |
| 700 1# - المدخل الاضافى - اسم شخصى | |
| الإسم الشخصى | الأحمد، أحمد قاسم، |
| الدور | محرر، |
| -- | مراجع. |
| 710 2# - المدخل الاضافى - اسم هيئه | |
| اسم الهيئة أو اسم السلطة كمدخل | مركز البحوث الاقتصادية (أردن) |
| 710 2# - المدخل الاضافى - اسم هيئه | |
| اسم الهيئة أو اسم السلطة كمدخل | منظمة العمل الدولية. |
| وحده ملحقة | فريق عمل السكان والقوى العاملة في منطقة الشرق الأوسط وحوض البحر الأبيض المتوسط. |
| 942 ## - عناصر المدخل الإضافي( كوها) | |
| مصدر التصنيف او مخطط الترفيف | Dewey Decimal Classification |
| حالة التراجع | حالة الفقد | مصدر التصنيف او خطة الترفيف | حالة تلف | ليس للاعارة | مجموعات كوها | المكان الدائم | المكان الحالي | موقع الترفيف | تاريخ الاكتساب | Source of acquisition | رقم الاستدعاء | الباركود | Date last seen | تبصرة غير عامة( المفوع للعناصر المفقوده) | نوع الوعاء |
|---|---|---|---|---|---|---|---|---|---|---|---|---|---|---|---|
| Dewey Decimal Classification | Donation-Gift | Central Library | Central Library | Ground Floor | 24/04/2018 | Donation | 331.11095695 هـ ي ا | 000043339 | 15/07/2025 | إهداء من أ. محمد فريد خميس | Book - Borrowing |